Petroskills 2012 Training Guide:Drilling and Engineering (Record no. 812)

MARC details
000 -LEADER
fixed length control field 00328nam a22001217a 4500
003 - CONTROL NUMBER IDENTIFIER
control field NG-AbAUS
008 - FIXED-LENGTH DATA ELEMENTS--GENERAL INFORMATION
fixed length control field 150825b xxu||||| |||| 00| 0 eng d
082 ## - DEWEY DECIMAL CLASSIFICATION NUMBER
Classification number 622.1
Item number B7568
245 ## - TITLE STATEMENT
Title Petroskills 2012 Training Guide:Drilling and Engineering
Statement of responsibility, etc. Ford Brette
260 ## - PUBLICATION, DISTRIBUTION, ETC.
Place of publication, distribution, etc. U S A
Name of publisher, distributor, etc. OGCI
Date of publication, distribution, etc. 2012
300 ## - PHYSICAL DESCRIPTION
Extent 50p
Other physical details ill;
942 ## - ADDED ENTRY ELEMENTS (KOHA)
Source of classification or shelving scheme Dewey Decimal Classification
Koha item type Journals

No items available.